| 000 | 00645nam a2200229Ia 4500 | ||
|---|---|---|---|
| 003 | OSt | ||
| 005 | 20230511102953.0 | ||
| 008 | 210423s2014 xx 000 0 und d | ||
| 020 | _a978-1-107-68791-2 | ||
| 040 | _cAL | ||
| 041 | _aeng | ||
| 082 | _a813.3 LEVN | ||
| 100 |
_aLEVINE (Robert S) Ed _9102332 |
||
| 245 | _aNew cambridge companion to Herman Melville | ||
| 260 |
_aNew York _bCambridge University Press _c2014 |
||
| 300 |
_a255p _bPB |
||
| 365 |
_b1951.92 _cGBP |
||
| 650 |
_aAmerican Fiction _9102333 |
||
| 650 |
_aAmerican Literature _9102334 |
||
| 906 | _acambridge ; companion ; herman ; melville ; New | ||
| 942 |
_2ddc _cBK |
||
| 999 |
_c165837 _d165837 |
||